El Clásico XIs 2020-2025 - Statistics

General Stats
  • This quiz has been taken 1,648 times
  • The average score is 33 of 47
Answer Stats
Answer % Correct
Marc-André ter Stegen
97%
Thibaut Courtois
95%
Vinícius Júnior
92%
Karim Benzema
91%
Luka Modrić
90%
Dani Carvajal
88%
Toni Kroos
88%
Lionel Messi
87%
Pedri
85%
Rodrygo
85%
Gavi
83%
Sergio Ramos
83%
Gerard Piqué
81%
Robert Lewandowski
81%
Jordi Alba
80%
Antonio Rüdiger
79%
Casemiro
79%
Ferland Mendy
79%
Éder Militão
78%
Frenkie de Jong
78%
Andriy Lunin
77%
Ronald Araújo
77%
Sergio Busquets
77%
David Alaba
76%
Eduardo Camavinga
73%
Federico Valverde
73%
Aurélien Tchouaméni
71%
Jules Koundé
69%
Raphaël Varane
69%
Raphinha
68%
Alejandro Balde
65%
Nacho
63%
Lucas Vázquez
62%
Ousmane Dembélé
62%
Ferran Torres
61%
Sergi Roberto
58%
Andreas Christensen
56%
Clément Lenglet
54%
Pierre-Emerick Aubameyang
54%
Eric García
52%
Marco Asensio
52%
Ansu Fati
51%
Memphis Depay
48%
Sergiño Dest
44%
Neto
43%
Philippe Coutinho
41%
Óscar Mingueza
33%
No matching quizzes found
Score Distribution
Percent of People with Each Score
Percentile by Number Answered
Your Score History
You have not taken this quiz